000 00885nas a2200253 i 4500
001 1669
003 ES-MaACL
005 20250729062612.0
007 t|
008 950801c1956 po | | 1 ||re d
022 _a0872-8577
080 _a469
245 0 0 _aPortugal
_b: faits et documents /
_cSecretariado Nacional da Informaçao.
260 _aLisbonne :
_bSecretariado Nacional da Informaçâo,
_c1956- (
_fEmpresa Nacional de Publicidade)
300 _a5 v. ;
_c21 cm.
310 _aBimestral
362 0 _an. 1 (jul.­ag.1956)-
650 7 _aPolítica
_2embne
_9140345
651 4 _aPortugal-
_xDescripción.
_99251
710 1 _aPortugal.
_bSecretariado Nacional da Informaçâo.
_96248
852 _aES-MaACL
_jHEM-H-260
_xhem-1428
_d
866 0 _o1956-57,(1959f.n.2)(1960f.n.5y6)1961(1962f.n.5y7-8)(1963f.n.1-5)(1964f.n.1y3)(1965f.n.5y7y9).
999 _c1669
_d1669